000 01062nam a2200313 a 4500
001 vtls001254176
003 NLI
005 20210603180546.0
008 120404s1956 ii 000 h mar
039 9 _y201204041807
_zVLOAD
040 _aNLI
_bmareng
_cDatasoft_Marathi_S
_eAACR2
041 0 _amar
044 _a ii
082 0 4 _a 891.467
100 1 _6880-01
_aबापट, त्र्यं. ग.
_9500917
245 1 0 _6880-02
_aगोष्टीरुप बिरबल /
_cत्र्यं. ग. बापट
260 _aपुणे :
_bदयार्णव रघुनाथ कोपर्डेकर,
_c1956
300 _a70 p. ;
_c18 cm.
650 0 _aSatire, Marathi
650 0 _aMarathi wit and humor
880 1 _6100-01(B
_aBāpaṭa, T. G
880 1 0 _6245-02(B
_aGoṣṭīrūpa Birabala /
_cT. G. Bāpaṭa
887 _a Raja Dhanuk
901 _a6306
_b04.08.1961
902 _aMar 891.467 Bi 821 b
904 _cRaja Dhanuk
_l8026
942 _2ddc
_cBKS
949 _AVIRTUAITEM
_D10000
_X100
_6DBA000006306MAR
999 _aVIRTUA40
_c545709
_d545709